000 00535nam a2200205Ia 4500
005 20250923144656.0
008 008 250917s9999 xx 000 0 eng d
037 _aTextual
040 _aDSWL
_beng
_cDSWL
041 _aeng
_2eng
084 _qDSWL
100 _aSchneider, E.V.
_9827271
245 0 _aIndustrial sociology
_cby E.V. Schneider
260 _aNew York
_b McGraw Hill Book Co.
_c1957
300 _aix,559p.
365 _aINR
_b6.75
925 _g6.75
942 _cTEXL
999 _c1441924
_d1441924